Thập nhị binh thư
Sách tập hợp 12 bộ binh thư. Trong đó 9 bộ của Trung Quốc và 3 bộ của Việt Nam trình bày lí luận và nghệ thuật quân sự của Trung Quốc và Việt Nam
Spremljeno u:
| Format: | Knjiga |
|---|---|
| Jezik: | Undetermined |
| Izdano: |
Hà Nội
Thời đại
2010
|
| Teme: | |
| Oznake: |
Dodaj oznaku
Bez oznaka, Budi prvi tko označuje ovaj zapis!
|
| Thư viện lưu trữ: | Trung tâm Học liệu Trường Đại học Cần Thơ |
|---|
| LEADER | 00876nam a2200193Ia 4500 | ||
|---|---|---|---|
| 001 | CTU_176176 | ||
| 008 | 210402s9999 xx 000 0 und d | ||
| 020 | |c 160000 | ||
| 082 | |a 355.4 | ||
| 082 | |b Th123 | ||
| 245 | 0 | |a Thập nhị binh thư | |
| 245 | 0 | |c Người dịch: Lê Xuân Mai, Nguyễn Ngọc Tĩnh, Đỗ Mộng Khương | |
| 260 | |a Hà Nội | ||
| 260 | |b Thời đại | ||
| 260 | |c 2010 | ||
| 520 | |a Sách tập hợp 12 bộ binh thư. Trong đó 9 bộ của Trung Quốc và 3 bộ của Việt Nam trình bày lí luận và nghệ thuật quân sự của Trung Quốc và Việt Nam | ||
| 650 | |a Military strategy and operational art,Chiến lược quân sự và nghệ thuật hoạt động | ||
| 904 | |i Năm | ||
| 980 | |a Trung tâm Học liệu Trường Đại học Cần Thơ | ||